000 00685 a2200229 4500
003 0
005 20160609163358.0
008 110329t xxu||||| |||| 00| 0 eng d
020 _a2-07-075351-4
040 _aBUAC
_bFre
_cBUC
041 _aFre
100 _aDiamond, Jared
_915798
100 _lFre
_915799
245 _aDe l'inégalité parmi les sociétés
_b: Essai sur l'homme et l'environnement dans l'histoire
_c /Jared Diamond
260 _aParis
_bGallimard
_c2000
300 _a484 p.
_c22 cm.
630 _aPHILOSOPHIE
_915800
650 _aInégalité : homme : philosophie
_915801
700 _a Dauzat, Pierre Emmanuel
_ctrad.,
_915802
942 _cLIVR
999 _c43082
_d43082